An A–Z of construction technology for APC (Record no. 121705)

MARC details
000 -LEADER
fixed length control field 00978nas a22002177a 4500
007 - PHYSICAL DESCRIPTION FIXED FIELD--GENERAL INFORMATION
fixed length control field ta
008 - FIXED-LENGTH DATA ELEMENTS--GENERAL INFORMATION
fixed length control field 230112s2023 xxk||||o |||| 00| 0 eng d
041 ## - LANGUAGE CODE
Language code of text/sound track or separate title eng
100 ## - MAIN ENTRY--PERSONAL NAME
Personal author Lemen, Jen
110 ## - MAIN ENTRY--CORPORATE NAME
9 (RLIN) 4900
Corporate author Royal Institution of Chartered Surveyors
245 ## - TITLE STATEMENT
Title An A–Z of construction technology for APC
Statement of responsibility, etc [electronic resource]
260 ## - PUBLICATION INFORMATION
Publisher Royal Institution of Chartered Surveyors,
Date 7 November 2023
490 ## - SERIES TITLE
Series statement RICS Built Environment Journal,
Volume 7 November 2023
520 ## - ABSTRACT
Abstract Achieving the Building pathology competency means you must prove you understand a range of building defects, their causes and remedies, as Built Environment Journal's second APC A–Z article shows
650 ## - KEYWORDS
Keywords CONSTRUCTION TECHNOLOGY
650 ## - KEYWORDS
Keywords APC
651 ## - SUBJECT ADDED ENTRY--GEOGRAPHIC NAME
Geographic name International
690 ## - LOCAL SUBJECT ADDED ENTRY--TOPICAL TERM (OCLC, RLIN)
9 (RLIN) 6230
Topical term or geographic name as entry element Construction management
700 ## - ADDED PERSONAL NAME
Added personal author Lemen, Jen
856 ## - ONLINE RESOURCE
Uniform Resource Identifier https://ww3.rics.org/uk/en/journals/built-environment-journal/construction-technology-apc.html
Public note Available from RICS journals
Holdings
Withdrawn status Lost status Damaged status Koha normalized classification for sorting Not for loan Home library Current library Shelving location Date acquired Total Checkouts Full call number Date last seen Price effective from Koha item type
      JOURNAL_ARTICLE   Virtual Virtual Online 09/11/2023   JOURNAL ARTICLE 09/11/2023 09/11/2023 Journal article